000 01072nac a22003497a 4500
001 BR0204117
003 BR-BrBNA
005 20240105122701.0
008 230509b bl.|||m| |||| 00| 0 por d
040 _aBR-BrBNA
_bpor
_cBiblioteca Nacional de Agricultura
041 _a(Pt)
072 _aP40
090 _a0180 BR0204117
100 1 _aCunha, G.R. da
100 1 _aDalmago, G.A.
100 1 _aEstefanel, V.
100 1 _aPasinato, A.
100 1 _aMoreira, M.B.
110 1 _aEMBRAPA Trigo, Passo Fundo, RS (Brasil)
_93754
245 1 _aEl niño, la niña, oscilação do sul e seus impactos sobre as culturas de trigo e de cevada no Brasil
260 3 _aPasso Fundo, RS (Brasil):
_c2000.
300 _a44 p.
490 _aBoletim de Pesquisa - EMBRAPA Trigo (Brazil)
_vno. 9
_xISSN 1516-3830
500 _a22 ref.; 11 illus.; Summaries (En, Pt)
650 _aTRIGO
650 _aCEVADA
650 _aCLIMA
650 _aRENDIMENTO
650 _aVARIAÇÃO SAZONAL
909 _a202312
_bLúcia Elande
_c55
_dLúcia Elande
942 _2AGRIS
_n0
_cMS
999 _c292310
_d292310